[Event "CAN-ch University"]
[Site "Ottawa"]
[Date "2018.01.13"]
[Round "2"]
[White "Tang, Leslie"]
[Black "Shi, Diwen"]
[Result "0-1"]
[WhiteElo "1795"]
[BlackElo "2288"]
[PlyCount "50"]
[EventDate "2018.01.13"]
[EventType "swiss"]
[EventRounds "5"]
[EventCountry "CAN"]
[SourceTitle "EXT 2022"]
[Source "ChessBase"]
[SourceDate "2021.10.06"]
[SourceVersion "1"]
[SourceVersionDate "2021.10.06"]
[SourceQuality "1"]

1. e4 c5 2. Nf3 g6 3. Bc4 Nc6 4. c3 Bg7 5. 0-0 d6 6. d4 cxd4 7. Nxd4 Nf6 8. Nxc6 bxc6 9. e5 dxe5 10. Qb3 0-0 11. Be3 Qa5 12. Rd1 Ng4 13. Qa3 Qxa3 14. Nxa3 Nxe3 15. fxe3 Bg4 16. Re1 Rad8 17. h3 Bc8 18. Rad1 Rd6 19. Rf1 Bh6 20. Nc2 Bf5 21. Nb4 Bxe3+ 22. Kh1 Rfd8 23. Rde1 Bf4 24. Rxf4 exf4 25. Rxe7 R8d7 0-1

[Event "Canadian op"]
[Site "Sault Ste Marie"]
[Date "2017.07.15"]
[Round "8"]
[White "Dougherty, Michael J"]
[Black "Shi, Diwen"]
[Result "0-1"]
[WhiteElo "2204"]
[BlackElo "2293"]
[PlyCount "54"]
[EventDate "2017.07.08"]
[EventType "swiss"]
[EventRounds "9"]
[EventCountry "CAN"]
[SourceTitle "EXT 2018"]
[Source "ChessBase"]
[SourceDate "2017.10.13"]
[SourceVersion "1"]
[SourceVersionDate "2017.10.13"]
[SourceQuality "1"]

1. d4 Nf6 2. Nf3 e6 3. c4 d5 4. Nc3 Bb4 5. e3 0-0 6. a3 Bxc3+ 7. bxc3 c5 8. cxd5 Qxd5 9. c4 Qd6 10. Bb2 Nbd7 11. Bd3 b6 12. Ne5 Bb7 13. f4 cxd4 14. exd4 Bxg2 15. Nxd7 Qxd7 16. Rg1 Be4 17. d5 Bg6 18. f5 exf5 19. Bxf6 gxf6 20. h4 Rfe8+ 21. Kd2 b5 22. Qb3 bxc4 23. Qxc4 Rac8 24. Qb3 Qd6 25. Raf1 Qe5 26. Kd1 Rc3 27. Qb5 Rb8 0-1

[Event "CAN-ch U18"]
[Site "Sault Ste Marie"]
[Date "2017.07.07"]
[Round "3.7"]
[White "Doknjas, John"]
[Black "Shi, Diwen"]
[Result "1/2-1/2"]
[WhiteElo "2281"]
[BlackElo "2278"]
[PlyCount "91"]
[EventDate "2017.07.06"]
[EventType "swiss"]
[EventRounds "7"]
[EventCountry "CAN"]
[SourceTitle "EXT 2022"]
[Source "ChessBase"]
[SourceDate "2021.10.06"]
[SourceVersion "1"]
[SourceVersionDate "2021.10.06"]
[SourceQuality "1"]

1. d4 Nf6 2. c4 Nc6 3. Nf3 e6 4. a3 d6 5. Nc3 g6 6. e4 Bg7 7. h3 0-0 8. Be3 Re8 9. Bd3 a5 10. 0-0 Nh5 11. g4 Nf6 12. e5 dxe5 13. dxe5 Nd7 14. Bg5 Re7 15. Be4 Ncxe5 16. Nxe5 Bxe5 17. Bxe7 Qxe7 18. f4 Bg7 19. Kg2 Nc5 20. Bf3 Ra6 21. Qc2 Qf6 22. Ne4 Nxe4 23. Bxe4 Qxb2 24. Qxb2 Bxb2 25. Rad1 Rd6 26. c5 Rxd1 27. Rxd1 Bf6 28. Rb1 Bd4 29. Rd1 Bf6 30. Rb1 Bd4 31. Rc1 b6 32. cxb6 Bxb6 33. Bc6 Kf8 34. Rd1 Ke7 35. Kf3 Bc5 36. a4 Bd6 37. Rb1 Bb4 38. Rd1 Bd6 39. Ke4 Ba6 40. Kf3 Bc8 41. h4 Kf6 42. g5+ Ke7 43. Re1 Bb4 44. Rd1 Bd6 45. Re1 Bb4 46. Rd1 1/2-1/2

[Event "Calgary op"]
[Site "Calgary"]
[Date "2016.07.30"]
[Round "5"]
[White "Shi, Diwen"]
[Black "Mikhalevski, Victor"]
[Result "0-1"]
[WhiteElo "2132"]
[BlackElo "2545"]
[PlyCount "96"]
[EventDate "2016.07.27"]
[EventType "swiss"]
[EventRounds "9"]
[EventCountry "CAN"]
[SourceTitle "CBM 173 Extra"]
[Source "ChessBase"]
[SourceDate "2016.08.29"]
[SourceVersion "1"]
[SourceVersionDate "2016.08.29"]
[SourceQuality "1"]

1. e4 e5 2. Nf3 Nc6 3. Nc3 Nf6 4. Bb5 Bb4 5. 0-0 0-0 6. d3 d6 7. Bg5 Ne7 8. Nh4 c6 9. Bc4 d5 10. Bb3 Qd6 11. f4 Bxc3 12. bxc3 dxe4 13. fxe5 Qxe5 14. Bxf6 gxf6 15. dxe4 Qxc3 16. Qd6 Ng6 17. Nxg6 hxg6 18. Qxf6 Qxf6 19. Rxf6 Kg7 20. Raf1 Bf5 21. Rd6 Bxe4 22. Rd7 b5 23. Rfxf7+ Rxf7 24. Rxf7+ Kh6 25. Re7 Bf5 26. Rc7 Rd8 27. Rxc6 Rd2 28. Rc3 Be4 29. Rg3 a5 30. a4 b4 31. c3 bxc3 32. Rh3+ Kg5 33. Rxc3 Rxg2+ 34. Kf1 Rxh2 35. Rc5+ Kf4 36. Rxa5 Rb2 37. Bc4 Rc2 38. Bb3 Rc3 39. Bd5 Bd3+ 40. Kf2 Rc2+ 41. Ke1 Ke3 42. Bb3 Re2+ 43. Kd1 Rb2 44. Re5+ Kf4 45. Rd5 Rxb3 46. a5 Ke3 47. Re5+ Be4 48. Ke1 Rb1# 0-1

[Event "Calgary op"]
[Site "Calgary"]
[Date "2016.07.27"]
[Round "1"]
[White "Shi, Diwen"]
[Black "Popilski, Gil"]
[Result "1/2-1/2"]
[WhiteElo "2132"]
[BlackElo "2542"]
[PlyCount "95"]
[EventDate "2016.07.27"]
[EventType "swiss"]
[EventRounds "9"]
[EventCountry "CAN"]
[SourceTitle "CBM 173 Extra"]
[Source "ChessBase"]
[SourceDate "2016.08.29"]
[SourceVersion "1"]
[SourceVersionDate "2016.08.29"]
[SourceQuality "1"]

1. e4 d5 2. exd5 Qxd5 3. Nc3 Qd6 4. d4 Nf6 5. Nb5 Qd8 6. c4 c6 7. Nc3 e5 8. dxe5 Qxd1+ 9. Nxd1 Ne4 10. Bd3 Nc5 11. Bc2 Nba6 12. a3 Be6 13. Ne3 0-0-0 14. Nf3 Nd3+ 15. Bxd3 Rxd3 16. Ke2 Rd7 17. b4 g6 18. Ng5 Nc7 19. Bb2 Bh6 20. h4 Rhd8 21. Rhd1 Rxd1 22. Rxd1 Rxd1 23. Kxd1 Bxg5 24. hxg5 b5 25. cxb5 cxb5 26. g3 Nd5 27. Ke2 Nxe3 28. Kxe3 Kc7 29. Bd4 a6 30. Bc5 Kc6 31. Kd4 Bg4 32. Be7 Be6 33. Bd8 Kd7 34. Bb6 Kc6 35. Ba5 Bg4 36. e6 Bxe6 37. Ke5 Kd7 38. f4 Bc4 39. Bb6 Bb3 40. Bf2 Bc4 41. Be1 Ke7 42. Bc3 Bb3 43. Bd4 Bc4 44. Bc5+ Kd7 45. Bf8 Bb3 46. Bg7 Bc4 47. Kd4 Bb3 48. Ke5 1/2-1/2

[Event "Canadian op"]
[Site "Windsor"]
[Date "2016.07.16"]
[Round "8"]
[White "Chiku Ratte, Olivier Kenta"]
[Black "Shi, Diwen"]
[Result "0-1"]
[WhiteElo "2386"]
[BlackElo "2132"]
[PlyCount "92"]
[EventDate "2016.07.10"]
[EventType "swiss"]
[EventRounds "9"]
[EventCountry "CAN"]
[SourceTitle "EXT 2017"]
[Source "ChessBase"]
[SourceDate "2016.10.25"]
[SourceVersion "1"]
[SourceVersionDate "2016.10.25"]
[SourceQuality "1"]

1. d4 Nf6 2. c4 e6 3. Nc3 Bb4 4. e3 0-0 5. Nge2 d5 6. a3 Be7 7. cxd5 exd5 8. Nf4 Re8 9. Bd3 c6 10. 0-0 Nbd7 11. f3 Nb6 12. Bc2 c5 13. Nce2 Bf8 14. g4 h6 15. dxc5 Bxc5 16. Nd4 Nc4 17. Qd3 Ne5 18. Qc3 b6 19. b3 Ba6 20. Rf2 Rc8 21. Qd2 Bxd4 22. exd4 Nexg4 23. fxg4 Nxg4 24. Bf5 Nxf2 25. Bxc8 Ne4 26. Bxa6 Nxd2 27. Bxd2 Qf6 28. Rf1 Qxd4+ 29. Rf2 Qa1+ 30. Kg2 Qxa3 31. Bb7 Rd8 32. b4 Qb3 33. h4 Qc4 34. Be3 Rd7 35. Ba8 Qxb4 36. h5 Rd8 37. Bb7 Rd7 38. Bxd5 Rxd5 39. Nxd5 Qe4+ 40. Kg3 Qxd5 41. Kg4 Qe6+ 42. Kf4 Qh3 43. Ra2 Qh4+ 44. Ke5 Qxh5+ 45. Kd6 Qh3 46. Re2 Qe6+ 0-1

[Event "Calgary"]
[Site "Calgary"]
[Date "2015.11.01"]
[Round "5"]
[White "Shi, Diwen"]
[Black "Kazmaier, Daniel"]
[Result "1-0"]
[WhiteElo "2151"]
[BlackElo "2220"]
[PlyCount "81"]
[EventDate "2015.10.29"]
[EventType "tourn"]
[EventRounds "9"]
[EventCountry "CAN"]
[SourceTitle "CBM 169 Extra"]
[Source "ChessBase"]
[SourceDate "2015.12.18"]
[SourceVersion "1"]
[SourceVersionDate "2015.12.18"]
[SourceQuality "1"]

1. e4 e6 2. d4 d5 3. Nc3 Nf6 4. e5 Nfd7 5. Nf3 c5 6. Bg5 Qb6 7. dxc5 Bxc5 8. Qd2 Bxf2+ 9. Qxf2 Qxb2 10. Kd2 Qxa1 11. Bb5 Qxh1 12. Qc5 Qxg2+ 13. Kc1 Nc6 14. Bxc6 Qxg5+ 15. Nxg5 bxc6 16. Qxc6 Rb8 17. Nxd5 0-0 18. Ne7+ Kh8 19. Nxc8 Nxe5 20. Qe4 f5 21. Qxe5 Rbxc8 22. Nxe6 Rf6 23. Nf4 Rcf8 24. h4 Kg8 25. Qd5+ Kh8 26. h5 Re8 27. Qd7 Ref8 28. Ne6 Rxe6 29. Qxe6 f4 30. Qe7 Kg8 31. Qxa7 f3 32. Qf2 h6 33. a4 g5 34. hxg6 Kg7 35. a5 Kxg6 36. a6 Kg5 37. Qc5+ Rf5 38. Qf2 Kg4 39. a7 Rf8 40. Qd4+ Kh3 41. Qg7 1-0

[Event "Francophone-ch 3rd"]
[Site "Montreal"]
[Date "2015.07.23"]
[Round "7"]
[White "Shi, Diwen"]
[Black "Cummings, David H"]
[Result "1/2-1/2"]
[WhiteElo "2153"]
[BlackElo "2327"]
[PlyCount "60"]
[EventDate "2015.07.17"]
[EventType "swiss"]
[EventRounds "9"]
[EventCountry "CAN"]
[SourceTitle "EXT 2016"]
[Source "ChessBase"]
[SourceDate "2015.10.08"]
[SourceVersion "1"]
[SourceVersionDate "2015.10.08"]
[SourceQuality "1"]

1. e4 e5 2. Nf3 Nc6 3. Nc3 Nf6 4. Bb5 Bd6 5. a3 Nd4 6. Bc4 c6 7. d3 Bc7 8. Nxd4 exd4 9. Ne2 0-0 10. Bg5 d5 11. exd5 cxd5 12. Ba2 Re8 13. Qd2 Qe7 14. Kf1 Qc5 15. Bxf6 gxf6 16. b4 Qb6 17. Bxd5 Bf5 18. Ng3 Bg6 19. Be4 Bxg3 20. hxg3 a5 21. Qh6 Qc7 22. Rc1 axb4 23. axb4 f5 24. Bd5 Qc3 25. Kg1 Qxb4 26. Qf4 Rad8 27. Bb3 Qd6 28. Qxd6 Rxd6 29. Kf1 Kg7 30. Re1 Rxe1+ 1/2-1/2